The essential R.S. Tolia (Record no. 532721)

000 -LEADER
fixed length control field 00290nam a22000977a 4500
082 ## - DEWEY DECIMAL CLASSIFICATION NUMBER
Classification number A99 D721
245 ## - TITLE STATEMENT
Title The essential R.S. Tolia
Statement of responsibility, etc by Doon Library & Research Centre
260 ## - PUBLICATION, DISTRIBUTION, ETC. (IMPRINT)
Place of publication, distribution, etc Dehra Dun
Name of publisher, distributor, etc Doon Library & Research Centre
Date of publication, distribution, etc 2017
300 ## - PHYSICAL DESCRIPTION
Extent 907p.
650 ## - SUBJECT ADDED ENTRY--TOPICAL TERM
Topical term or geographic name as entry element Tolia, R.S., 1947-2016
9 (RLIN) 59654
Holdings
Withdrawn status Lost status Source of classification or shelving scheme Damaged status Koha normalized classification for sorting Not for loan Permanent location Current location Shelving location Date acquired Full call number Barcode Date last seen Price effective from Koha item type
        A_99_000000000000000_D721   Indian Institute of Public Administration Indian Institute of Public Administration On Display 2026-02-26 A99 D721 Gr25504 2026-02-26 2026-02-26 GR

Powered by Koha